Actresses by 3 Top Movies II Quiz Stats

 Plays Quiz Updated Nov 10, 2017

Challenge
Share
Tweet
Embed
Score 0/30 Timer 06:00
3 Plays Today
% Correct
Uma Thurman
90%
Julia Roberts
88.9%
Sigourney Weaver
86.3%
Emma Watson
86.1%
Keira Knightley
85%
Reese Witherspoon
80.8%
Nicole Kidman
78.8%
Kathy Bates
78.2%
Halle Berry
76.8%
Helena Bonham Carter
75.6%
Diane Keaton
75.1%
Robin Wright
72.6%
Sally Field
72.1%
Cate Blanchett
70.2%
Michelle Pfeiffer
67.7%
% Correct
Jennifer Connelly
66.9%
Faye Dunaway
64.6%
Annette Bening
63.5%
Rosamund Pike
62.5%
Catherine Zeta-Jones
62.5%
Janet Leigh
61%
Anne Bancroft
59.7%
Octavia Spencer
59.5%
Emma Thompson
59.2%
Glenn Close
57%
Viola Davis
56.2%
Toni Collette
55.2%
Naomi Watts
54%
Jessica Lange
50.8%
Lauren Bacall
43.1%

You're not logged in!

Compare scores with friends on all Sporcle quizzes.
Join for Free
OR
Log In

You Might Also Like...

Show Comments

Extras

Top Quizzes Today


Score Distribution

Your Account Isn't Verified!

In order to create a playlist on Sporcle, you need to verify the email address you used during registration. Go to your Sporcle Settings to finish the process.

Report this User

Report this user for behavior that violates our Community Guidelines.

Details: